MARC details
| 000 -LEADER |
| campo de control de longitud fija |
01004nam a2200253Ia 4500 |
| 003 - IDENTIFICADOR DE NÚMERO DE CONTROL |
| campo de control |
OSt |
| 005 - FECHA Y HORA DE LA ÚLTIMA TRANSACCIÓN |
| campo de control |
20240725174848.0 |
| 008 - DATOS DE LONGITUD FIJA--INFORMACIÓN GENERAL |
| campo de control de longitud fija |
130821s2012 ck gr spa |
| 020 ## - NÚMERO INTERNACIONAL ESTÁNDAR DEL LIBRO |
| Número Internacional Estándar del Libro |
9789588366609 |
| 040 ## - FUENTE DE CATALOGACIÓN |
| Centro/agencia transcriptor |
nuevo |
| Centro/agencia modificador |
Aldemar Mondragón (modificó) |
| Lengua de catalogación |
spa |
| Centro catalogador/agencia de origen |
CO-UdeC |
| Normas de descripción |
AARC |
| 041 00 - CÓDIGO DE IDIOMA |
| Código de lengua del texto/banda sonora o título independiente |
spa |
| 082 04 - NÚMERO DE LA CLASIFICACIÓN DECIMAL DEWEY |
| Número de clasificación |
861.08 |
| Número de ítem |
B446 |
| 100 1# - ENTRADA PRINCIPAL--NOMBRE DE PERSONA |
| Nombre de persona |
Bello, Andrés |
| 9 (RLIN) |
1111 |
| Fechas asociadas al nombre |
1781-1865 |
| 245 10 - MENCIÓN DEL TÍTULO |
| Título |
Alocución a la poesía : |
| Resto del título |
Fragmento del poema "América" / |
| Mención de responsabilidad, etc. |
Andrés Bello. |
| 260 3# - PUBLICACIÓN, DISTRIBUCIÓN, ETC. |
| Lugar de publicación, distribución, etc. |
Medellín : |
| Nombre del editor, distribuidor, etc. |
Ediciones UNAULA, |
| Fecha de publicación, distribución, etc. |
2012. |
| 300 ## - DESCRIPCIÓN FÍSICA |
| Extensión |
87 p. ; |
| Dimensiones |
22 cm. |
| 490 0# - MENCIÓN DE SERIE |
| Mención de serie |
Serie Cuadernos de Cultura Latinoamericana ; |
| Designación de volumen o secuencia |
1 |
| 504 ## - NOTA DE BIBLIOGRAFÍA, ETC. |
| Nota de bibliografía, etc. Nota |
Incluye índice. |
| 505 00 - NOTA DE CONTENIDO CON FORMATO |
| Nota de contenido con formato |
Presentación. Andrés Bello: Arquitecto de América -- Alocución a la poesía. Fragmentos de un poema titulado "América" - Resumen de la historia de Venezuela |
| 650 04 - PUNTO DE ACCESO ADICIONAL DE MATERIA--TÉRMINO DE MATERIA |
| Término de materia o nombre geográfico como elemento de entrada |
Literatura latina |
| 9 (RLIN) |
2186 |
| 650 14 - PUNTO DE ACCESO ADICIONAL DE MATERIA--TÉRMINO DE MATERIA |
| Término de materia o nombre geográfico como elemento de entrada |
Poesía hispanoamericana |
| 9 (RLIN) |
2643 |
| 710 2# - ENTRADA AGREGADA--NOMBRE DE ENTIDAD CORPORATIVA |
| Nombre de entidad corporativa o nombre de jurisdicción como elemento de entrada |
Universidad Autónoma Latinoamericana |
| 9 (RLIN) |
28059 |
| 942 ## - ELEMENTOS DE ENTRADA SECUNDARIOS (KOHA) |
| Tipo de ítem Koha |
Libros |
| Edición |
1 |
| Sufijo de la signatura |
B446a |
| Fuente del sistema de clasificación o colocación |
Clasificación Decimal Dewey |
| Parte de la signatura que corresponde a la clasificación (Parte de la clasificación) |
861.08 |
| Suprimir en OPAC |
No |